Movies Quiz

Random Movies or Letter Quiz

Actress A-Z: Comedy Quiz Stats

Quiz Updated May 26, 2016

Also try: Actor A-Z: Comedy
Challenge
Share
Tweet
Embed
Score 0/24 Timer 04:00
2 Plays Today
Actress Last Name % Correct
B) Sandra _______Bullock
99%
D) Cameron ____Diaz
97.9%
G) Whoopi ________Goldberg
97.4%
L) Lindsay _____Lohan
97%
F) Tina ___Fey
94.9%
R) Meg ____Ryan
93.6%
K) Diane ______Keaton
88.2%
H) Helen ____Hunt
87.5%
S) Emma _____Stone
86.4%
M) Melissa ________McCarthy
86.1%
A) Christina _______Applegate
85.9%
W) Kristen ____Wiig
77.3%
Actress Last Name % Correct
U) Kate _____Upton
77.2%
J) Scarlett _____Johansson
76.3%
Z) Renée _________Zellweger
74%
P) Amy _______Poehler
74%
N) Cynthia _____Nixon
66.3%
O) Catherine _____O'Hara
48.5%
C) Miranda ________Cosgrove
47.9%
Q) Aileen _____Quinn
36%
T) Michelle ________Trachtenberg
35.4%
I) Amy ______Irving
27.8%
E) Alice ___Eve
26%
Y) Amy _______Yasbeck
12.7%

You're not logged in!

Compare scores with friends on all Sporcle quizzes.
Join for Free
OR
Log In

You Might Also Like...

Show Comments

Extras

Top Quizzes Today


Score Distribution

Your Account Isn't Verified!

In order to create a playlist on Sporcle, you need to verify the email address you used during registration. Go to your Sporcle Settings to finish the process.

Report this User

Report this user for behavior that violates our Community Guidelines.

Details: